| 000 | 00503nam a22001937a 4500 | ||
|---|---|---|---|
| 003 | CEME | ||
| 005 | 20210628203231.0 | ||
| 008 | 210122b xxu||||| |||| 00| 0 eng d | ||
| 020 | _a0-07-283494-3 | ||
| 040 | _c. | ||
| 082 | _a658.1511 GAR | ||
| 100 |
_aGarrison, Ray H, Noreen, Eric W, Brewer, Peter C _964164 |
||
| 245 | _aManagerial accounting | ||
| 250 | _a11TH | ||
| 260 |
_aNEW YORK _bMCGRAW HILL _c2006 |
||
| 300 | _aXVI,863 P | ||
| 650 |
_aMANAGERIAL ACCOUNTING _924976 |
||
| 942 |
_cBK _2ddc |
||
| 999 |
_c572759 _d572759 |
||